000 00387nam a22001337a 4500
020 _a8190089374
082 _222
_a627.082
100 _aModi, P. N. and Seth, S. M.
245 _aHydraulics and fluid mechanics including hydraulic machines /
250 _a6th.
260 _aNew Delhi,
_bStandart Book House,
_cc2007.
300 _axvi, 1270 p. ;
_bill. ;
_c23 cm.
942 _2ddc
_cMEC
_047
999 _c1969
_d1969